000 00614nam a2200205Ia 4500
999 _c4786
_d4786
003 GCL
005 20240530095205.0
008 140319s9999 xx 000 0 ara d
020 _a7497213977
040 _aGCL /
_cGCL
082 0 4 _a274.13
_bص س
100 1 _aصموئيل رزفى
245 1 0 _aالسحر والحسد فى الكتاب المقدس /
_cصموئيل رزفى
250 _aالاولى
260 _aالقاهرة :
_bدار الثقافة ،
_c1999
300 _a87 ص ؛
_c16 سم
650 0 4 _aالكتاب المقدس
650 0 4 _aالمسيحية والسحر
942 _2ddc
_cBK